| 000 | 00454nam a2200157Ia 4500 | ||
|---|---|---|---|
| 008 | 130318s9999 xx 000 0 und d | ||
| 020 | _a817808144X | ||
| 082 | _a658.4012 KOC/F | ||
| 100 | _aKoch, Richard | ||
| 245 | _aFinancial times guide to strategy: How to create and deliver a useful strategy | ||
| 250 | _a2 | ||
| 260 |
_bPearson Education _aSan Francisco _c2000 |
||
| 300 | _a301 | ||
| 650 | _aEXECUTIVE MANAGEMENT | ||
| 650 | _aSTRATEGIC MANAGEMENT | ||
| 999 |
_c735 _d735 |
||